|
|
|
|
| LEADER |
01888nam a2200337 a 4500 |
| 001 |
15530175 |
| 008 |
100113s2010 maua b 001 0 eng d |
| 010 |
|
|
|a 2008048542
|
| 020 |
|
|
|a 9780070182608
|
| 020 |
|
|
|a 0070182604
|
| 040 |
|
|
|a DLC
|c DLC
|d C#P
|d IG#
|d YDX
|d YDXCP
|d BTCTA
|d CE@
|d PP2
|d BD-DhAAL
|
| 082 |
0 |
0 |
|a 658.4/012
|2 22
|
| 100 |
1 |
|
|a Thompson, Arthur A.,
|d 1940-
|
| 245 |
1 |
0 |
|a Crafting and executing strategy :
|b the quest for competitive advantage : concepts and cases /
|c Arthur A.Thompson, Jr., A.J. Strickland III, John E. Gamble.
|
| 250 |
|
|
|a 17th ed.
|
| 260 |
|
|
|a Boston :
|b McGraw-Hill Irwin,
|c c2010.
|
| 300 |
|
|
|a 1 v. (various pagings) :
|b ill. (chiefly col.) ;
|c 26 cm.
|
| 504 |
|
|
|a Includes bibliographical references and indexes.
|
| 541 |
1 |
|
|e 00019728
|
| 650 |
|
0 |
|a Strategic planning.
|
| 650 |
|
0 |
|a Business planning.
|
| 700 |
1 |
|
|a Strickland, A. J.
|q (Alonzo J.)
|
| 700 |
1 |
|
|a Gamble, John
|q (John E.)
|
| 852 |
4 |
|
|a Ayesha Abed Library
|j General Shelf.
|
| 942 |
0 |
0 |
|0 9
|
| 999 |
|
|
|c 6961
|d 6961
|
| 952 |
|
|
|0 0
|1 0
|2 ddc
|4 0
|6 658_401200000000000_THO
|7 0
|9 7198
|a BRACUL
|b BRACUL
|c GEN
|d 2010-01-13
|l 24
|m 183
|o 658.4012 THO
|p 3010019728
|r 2026-02-28
|s 2025-10-22
|t 1
|w 2010-01-13
|y BK
|
| 952 |
|
|
|0 0
|1 0
|2 ddc
|4 0
|6 658_401200000000000_THO
|7 0
|9 11632
|a BRACUL
|b BRACUL
|c GEN
|d 2010-08-18
|l 39
|m 219
|o 658.4012 THO
|p 3010020767
|r 2024-09-10
|s 2024-06-01
|t 2
|w 2010-08-18
|y BK
|
| 952 |
|
|
|0 0
|1 0
|2 ddc
|4 0
|6 658_400000000000000_012_THO
|7 0
|9 11633
|a BRACUL
|b BRACUL
|c CIR
|d 2010-08-18
|l 20
|m 112
|o 658.4012 THO
|p 3010020766
|r 2017-02-06
|s 2017-02-06
|t 3
|w 2010-08-18
|y 1HOUR
|
| 952 |
|
|
|0 0
|1 4
|2 ddc
|4 0
|6 658_401200000000000_THO
|7 0
|9 11678
|a BRACUL
|b BRACUL
|c GEN
|d 2010-08-23
|l 0
|o 658.4012 THO
|p 3010020764
|r 2010-08-23
|t 4
|w 2010-08-23
|y BK
|x Koha Inventory 2020
|
| 952 |
|
|
|0 0
|1 0
|2 ddc
|4 0
|6 658_401200000000000_THO
|7 0
|9 11679
|a BRACUL
|b BRACUL
|c GEN
|d 2010-08-23
|l 35
|m 241
|o 658.4012 THO
|p 3010020765
|r 2026-02-17
|s 2025-10-13
|t 5
|w 2010-08-23
|y BK
|